Bangladesh agriculture in the 21st century / (Record no. 433)
[ view plain ]
| 000 -LEADER | |
|---|---|
| fixed length control field | 00876cam a2200241 a 4500 |
| 001 - CONTROL NUMBER | |
| control field | BD-DhSAU 433 |
| 003 - CONTROL NUMBER IDENTIFIER | |
| control field | BD-DhSAU |
| 005 - DATE AND TIME OF LATEST TRANSACTION | |
| control field | 20141231205440.0 |
| 008 - FIXED-LENGTH DATA ELEMENTS--GENERAL INFORMATION | |
| fixed length control field | 990211s1998 bg b 101 0 eng |
| 020 ## - INTERNATIONAL STANDARD BOOK NUMBER | |
| International Standard Book Number | 9840514512 |
| 040 ## - CATALOGING SOURCE | |
| Transcribing agency | BD-DhSAU |
| 082 00 - DEWEY DECIMAL CLASSIFICATION NUMBER | |
| Classification number | 630.549209042 |
| Edition number | 22 |
| Item number | BAN |
| 245 00 - TITLE STATEMENT | |
| Title | Bangladesh agriculture in the 21st century / |
| Statement of responsibility, etc. | edited by Rashid Faruqee. |
| 246 3# - VARYING FORM OF TITLE | |
| Title proper/short title | Bangladesh agriculture in the twenty-first century |
| 260 ## - PUBLICATION, DISTRIBUTION, ETC. (IMPRINT) | |
| Place of publication, distribution, etc. | Dhaka, Bangladesh : |
| Name of publisher, distributor, etc. | University Press Ltd., |
| Date of publication, distribution, etc. | 1998. |
| 300 ## - PHYSICAL DESCRIPTION | |
| Extent | 275 p. ; |
| Dimensions | 23 cm. |
| 504 ## - BIBLIOGRAPHY, ETC. NOTE | |
| Bibliography, etc | Includes bibliographical references and index. |
| 520 ## - SUMMARY, ETC. | |
| Summary, etc. | Outcome of an international conference sponsored by World Bank in 1995 in Dhaka. |
| 590 ## - Name of Cataloguer | |
| Name of Cataloger | IMRAN |
| 650 #0 - SUBJECT ADDED ENTRY--TOPICAL TERM | |
| Topical term or geographic name as entry element | Agriculture |
| General subdivision | Economic aspects |
| Geographic subdivision | Bangladesh |
| Form subdivision | Congresses. |
| 650 #0 - SUBJECT ADDED ENTRY--TOPICAL TERM | |
| Topical term or geographic name as entry element | Land use, Rural |
| Geographic subdivision | Bangladesh |
| Form subdivision | Congresses. |
| 700 1# - ADDED ENTRY--PERSONAL NAME | |
| Personal name | Faruqee, Rashid, |
| Dates associated with a name | 1938- |
| 942 ## - ADDED ENTRY ELEMENTS (KOHA) | |
| Source of classification or shelving scheme | Dewey Decimal Classification |
| Koha item type | Book |
| Withdrawn status | Lost status | Source of classification or shelving scheme | Damaged status | Not for loan | Home library | Branch Name | Shelving location | Date acquired | Total Checkouts | Full call number | Barcode | Date last seen | Date checked out | Price effective from | Koha item type | Collection code |
|---|---|---|---|---|---|---|---|---|---|---|---|---|---|---|---|---|
| Dewey Decimal Classification | SAU Library | SAU Library | General Stacks | 30/06/2002 | 1 | 630.549209042 BAN | 30633 | 21/04/2024 | 27/03/2024 | 31/12/2014 | Book | |||||
| Dewey Decimal Classification | Not For Loan | SAU Library | SAU Library | General Stacks | 30/06/2002 | 630.549209042 BAN | 30632 | 31/12/2014 | 31/12/2014 | Book | Reference |
